Stany USA z najmniejszą liczbą granic - Statystyki

Ogólne statystyki
  • Ten quiz został rozwiązany 19 razy
  • Średni wynik to 5 z 7
Statystyki odpowiedzi
# Stan % Poprawnych
0 Alaska
100%
0 Hawaje
100%
1 Maine
82%
2 Floryda
59%
2 Waszyngton
53%
2 Rhode Island
41%
2 Karolina Południowa
24%
Nie znaleziono quizów pasujących do podanych kryteriów
Rozkład punktacji
Procent ludzi z każdym wynikiem
Percentyl według liczby udzielonych odpowiedzi
Twoja historia wyników
Nie rozwiązałeś tego quizu